Ireland's green light (Record no. 77350)

MARC details
000 -LEADER
fixed length control field 00958cab a2200193 4500
001 - CONTROL NUMBER
control field ##L134067
008 - FIXED-LENGTH DATA ELEMENTS--GENERAL INFORMATION
fixed length control field 060706n2006 000 0 eng u
035 ## - SYSTEM CONTROL NUMBER
System control number (Sirsi) u134067
041 0# - LANGUAGE CODE
Language code of text/sound track or separate title eng
110 2# - MAIN ENTRY--CORPORATE NAME
Corporate name or jurisdiction name as entry element Franklin and Andrews
9 (RLIN) 2518
245 00 - TITLE STATEMENT
Title Ireland's green light
260 ## - PUBLICATION, DISTRIBUTION, ETC.
Date of publication, distribution, etc. 2006
490 #0 - SERIES STATEMENT
Series statement QS News
Volume/sequential designation 30 June 2006, 14-15(2)
520 ## - SUMMARY, ETC.
Summary, etc. There has been significant growth in the Irish construction industry in the past decade, so that in 2005 it produced 18% of GDP, and employed 13% of the workforce. Housing accounted for 64% of total output, with infrastructure also making a strong contribution. New construction work is expected to grow by 1% in 2006, and it is anticipated that tender prices will rise by 5-6% in the same period. Construction costs rose by 3.5% in the first quarter of 2006. Contains tables and graphs.
590 ## - LOCAL NOTE (RLIN)
Local note IKA180706
651 #4 - SUBJECT ADDED ENTRY--GEOGRAPHIC NAME
Geographic name IRELAND
690 ## - LOCAL SUBJECT ADDED ENTRY--TOPICAL TERM (OCLC, RLIN)
Topical term or geographic name as entry element BUILT ENVIRONMENT-CONSTRUCTION MARKET
942 ## - ADDED ENTRY ELEMENTS (KOHA)
Suppress in OPAC 0
Holdings
Withdrawn status Lost status Source of classification or shelving scheme Damaged status Not for loan Home library Current library Shelving location Date acquired Total Checkouts Full call number Barcode Date last seen Copy number Price effective from Koha item type
    Dewey Decimal Classification     London London Journal article 06/07/2006   L134067 134067-1001 06/08/2019 1 06/08/2019 Journal article